Statistics for Race-to-Nine Word Puzzle #7

Click here to take the quiz!

General Stats

  • This quiz has been taken 1,177 times
  • The average score is 5 of 7

Answer Stats

# Answer % Correct
3Eth, Het, The
100%
4Eath, Haet, Hate, Heat, Thae
100%
5Earth, Hater, Heart, Rathe
98%
6Hatter, Threat
90%
7Chatter, Ratchet
74%
8Chattier, Theatric
36%
9Architect
10%

Score Distribution

Percentile by Number Answered

Percent of People with Each Score

Your Score History

You have not taken this quiz